| 000 | 00636nam a2200205 a 4500 | ||
|---|---|---|---|
| 005 | 20230425063520.0 | ||
| 008 | 051124s1995 mx r 000 0 spa d | ||
| 020 | _a9686914323 | ||
| 035 | _aUPN01000141252 | ||
| 049 | _aCG | ||
| 050 | 4 |
_aD16 _bS4.3 |
|
| 245 | 0 | 0 |
_aSegundas jornadas braudelianas : _bhistoria y ciencias sociales / _cBernard Lepetit ... [et al.]. |
| 260 |
_aMéxico : _bUAM, Iztapalapa : _bInstituto Mora, _c1995. |
||
| 300 | _a135 p. | ||
| 440 | 0 | _aCuadernos secuencia | |
| 650 | 2 |
_aHistoria _xMetodologĂa _96995 |
|
| 600 | 1 | 4 |
_aBRAUDEL, FERNAND, _d1902-1985 |
| 700 | 1 |
_aLepetit, Bernard, _ecoaut. |
|
| 905 | _aLibro | ||
| 999 |
_c113399 _d113399 |
||